30 premiers pays aux JO + Jeux Paralympiques (été+hiver) - Statistiques

Statistiques générales
  • Ce quiz a été pris 54 fois
  • Le résultat moyen est 6 sur 30
Statistiques - réponses
OR AR BR OR AR BR JO+JP Pays % Correct
1183 964 841 1273 1067 916 6154 Etats-Unis
100%
408 445 445 623 617 566 3104 Allemagne
67%
284 231 196 665 501 376 2252 Chine
41%
267 300 335 423 420 432 2177 France
39%
297 321 332 637 608 622 2810 Royaume-Uni
39%
170 180 216 424 458 445 1893 Australie
33%
2013 227 239 795 792 703 2969 Suède
31%
186 178 209 142 169 192 1076 Japon
29%
148 180 223 480 408 453 1892 Canada
27%
264 300 341 175 212 253 1545 Italie
27%
195 164 188 175 175 151 1048 Russie
27%
208 184 173 244 203 169 1181 Norvège
18%
138 141 153 285 257 239 1213 Pays-Bas
18%
90 122 132 210 248 255 1057 Autriche
14%
37 42 71 124 164 162 600 Brésil
14%
49 72 50 236 271 252 749 Espagne
14%
116 126 131 133 145 138 789 Suisse
14%
45 56 62 81 81 89 414 Belgique
12%
129 121 116 137 129 142 774 Corée-du-Sud
12%
79 96 141 250 246 238 1050 Pologne
12%
48 79 79 99 86 113 504 Danemark
10%
146 150 184 148 144 156 928 Finlande
8%
183 156 182 37 53 65 676 Hongrie
8%
13 24 36 104 92 114 383 Mexique
8%
85 71 85 51 21 29 342 Cuba
6%
55 35 53 93 58 64 358 Nouvelle-Zélande
6%
3 1 9 131 126 136 412 Israël
4%
90 97 122 11 9 9 338 Roumanie
4%
38 37 72 229 256 263 895 Ukraine
4%
27 33 29 128 101 92 410 Afrique-du-Sud
2%
Aucun quiz correspondant
Distribution des résultats
% des personnes avec chaque résultat
Percentile par nombre de réponses
Votre historique - résultats
Vous n’avez pas pris ce quiz